000 00580nam a2200193Ia 4500
003 IN-BaIIA
008 211028s9999 xx 000 0 eng d
040 _cIIA Library
080 _a083.7:669.71
_bISI
110 _aIndian Standards Institution
245 0 _aIndian standard temper designations of aluminium and its alloys
_cIndian Standards Institution
260 _aNew Delhi
_bIndian Standards Institution
_c1969
300 _a5p.
500 _aIS 5052 : 1969
650 _a Aluminium Alloys
_99110
650 _a Standards 
650 _aNASA Thesaurus 
942 _cBK
999 _c5125
_d5125